000
00276nam a2200121Ia 4500
008
190216s9999||||xx |||||||||||||| ||und||
100
_a
Pillai R S N&Amp; Bagavathi
245
0
_a
Marketing
260
_b
S Chand & Co
_c
1994
300
_a
478p
650
_a
Commerce
942
_c
BK
999
_c
5569
_d
5569